000 00779nam a2200265 a 4500
008 951212s1980||||CS 0 slo c
020 _c24 Kčs.
_q(8000 výtl.)
040 _aSNK
_bslo
_cSNK
_eAACR2
044 _axo
_cSK
080 _a885.0-3
080 _a78.071.1(=850)
080 _a92
080 _a92 Smetana, Bedřich
100 1 _aBurian, Karel Vladimír
245 1 0 _aBedřich Smetana
_cKarel Vladimír Burian ; Otakar Kořínek, Robert Brož
250 _a1., vyd.
260 _aBratislava
_bObzor
_c1980
_eKošice
_fVýchodoslovenské tlačiarne
300 _a308 s., 18,71 AH
_bFot.
_c21 cm
490 0 _aPostavy a osudy
500 _aIlustr. na front.
700 1 _aKořínek, Otakar
_4prk
700 1 _aBrož, Robert
_4gup
041 _aslo
958 _aA
999 _c15207
_d15207